[Event "IECG CP.2003.P.00080 email"]
[Site "IECG email"]
[Date "2003.10.01"]
[Round "?"]
[White "Hayden, Sean"]
[Black "Lehnert, Ronald"]
[Result "0-1"]
[WhiteElo "1400"]
[BlackElo "1806"]
[PlyCount "38"]
[EventDate "2003.10.01"]
[EventType "tourn (corr)"]
[EventRounds "6"]
[EventCountry "GER"]
[SourceTitle "Corr 2008"]
[Source "ChessBase"]
[SourceDate "2008.06.24"]
[SourceVersion "1"]
[SourceVersionDate "2008.06.24"]
[SourceQuality "1"]

1. e4 c5 2. Nf3 d6 3. d4 cxd4 4. Nxd4 Nf6 5. Nc3 g6 6. Be3 Bg7 7. f3 Nc6 8. Qd2 0-0 9. Bc4 Bd7 10. h4 Rc8 11. Bb3 Ne5 12. h5 Nxh5 13. Bh6 Bxh6 14. Qxh6 Rxc3 15. bxc3 Qa5 16. 0-0-0 Rc8 17. Kb1 Nf6 18. g4 Qxc3 19. Ne2 Qxf3 0-1